ბათუმის შოთა რუსთაველის სახელმწიფო უნივერსიტეტის ბიბლიოთეკა

ტომი: მეექვსე (ბიბ.ჩანაწერი № 42433)

000 -LEADER
fixed length control field 00746nam a2200229Ia 4500
001 - CONTROL NUMBER
control field 9129
003 - CONTROL NUMBER IDENTIFIER
control field GE_BSU
008 - FIXED-LENGTH DATA ELEMENTS--GENERAL INFORMATION
fixed length control field 181216s||||||||xx |||||||||||||| ||und||
040 ## - CATALOGING SOURCE
Transcribing agency GE_BSU
080 ## - UNIVERSAL DECIMAL CLASSIFICATION NUMBER
Universal Decimal Classification number 821.353.1-32
100 ## - MAIN ENTRY--PERSONAL NAME
Personal name ვაჟა-ფშაველა
245 ## - TITLE STATEMENT
Title ტომი: მეექვსე
245 ## - TITLE STATEMENT
Remainder of title მოთხრობები
245 ## - TITLE STATEMENT
Statement of responsibility, etc. ალ.აბაშელის რედაქციით
260 ## - PUBLICATION, DISTRIBUTION, ETC.
Place of publication, distribution, etc. ტფილისი.
260 ## - PUBLICATION, DISTRIBUTION, ETC.
Name of publisher, distributor, etc. სახელგამი
260 ## - PUBLICATION, DISTRIBUTION, ETC.
Date of publication, distribution, etc. 1939
300 ## - PHYSICAL DESCRIPTION
Extent 560გვ;23სმ
300 ## - PHYSICAL DESCRIPTION
Other physical details დანართი:შენიშვნები და ბიბლოგრაფ:გვ;543-555
653 ## - INDEX TERM--UNCONTROLLED
Uncontrolled term მოთხრობები
942 ## - ADDED ENTRY ELEMENTS (KOHA)
Koha item type წიგნი
ეგზემპლარები
Withdrawn status Lost status Damaged status Not for loan Date acquired Barcode Date last seen Price effective from Koha item type
        2018-12-17 31565 2018-12-17 2018-12-17 წიგნი
        2018-12-17 31566 2018-12-17 2018-12-17 წიგნი